Statistics for Country In Its Own Language - Map Quiz

Click here to take the quiz!

General Stats

  • This quiz has been taken 123 times
  • The average score is 16 of 20

Answers on the Map

Answers color-coded by a green-red scale on the quiz's map according to % correct below.
 

Answer Stats

Answer% Correct
Reino de España
99%
Éire
97%
Magyarország
95%
Republika Hrvatska
92%
대한민국/大韓民國
88%
Aotearoa
87%
Eesti Vabariik
87%
سلطنة عُمان
84%
iRiphablikhi yoMzantsi-Afrika
84%
Рэспубліка Беларусь
83%
Кыргыз Республикасы
79%
Umoja wa Komori
77%
भारत गणराज्य
76%
ព្រះរាជាណាចក្រកម្ពុជា
75%
የኢትዮጵያ ፌዴራላዊ ዴሞክራሲያዊ ሪፐብሊክ
73%
Հայաստանի Հանրապետություն
72%
Jamhuriyar Taraiyar Najeriya
71%
Matanitu Tugalala o Viti
71%
ⵜⴰⴳⵍⴷⵉⵜ ⵏ ⵍⵎⵖⵔⵉⴱ
60%
Aolepān Aorōkin Ṃajeḷ
58%

Score Distribution

Percentile by Number Answered

Percent of People with Each Score

Your Score History

You have not taken this quiz